Statistics for Languages : Animals from Finnish to English

Click here to take the quiz!

General Stats

  • This quiz has been taken 109 times
  • The average score is 8 of 10

Answer Stats

FinnishAnd English% Correct
KoiraDog
97%
KissaCat
96%
LeijonaLion
93%
HaiShark
85%
KalaFish
83%
LintuBird
79%
SusiWolf
75%
KirahviGiraffe
73%
ValasWhale
63%
MarsuGuinea pig
52%

Score Distribution

Percentile by Number Answered

Percent of People with Each Score

Your Score History

You have not taken this quiz